[Event "ECU-ch U16"]
[Site "Guayaquil"]
[Date "2019.04.20"]
[Round "6"]
[White "Burbano Seravique, James Samir"]
[Black "Neira Villon, Braulio"]
[Result "1/2-1/2"]
[WhiteElo "1603"]
[BlackElo "1386"]
[PlyCount "72"]
[EventDate "2019.04.17"]
[EventType "swiss"]
[EventRounds "9"]
[EventCountry "ECU"]
[SourceTitle "CBM 190 Extra"]
[Source "ChessBase"]
[SourceDate "2019.07.15"]
[SourceVersion "1"]
[SourceVersionDate "2019.07.15"]
[SourceQuality "1"]

1. e4 c5 2. Nf3 d6 3. d4 cxd4 4. Nxd4 Nf6 5. Nc3 a6 6. Be2 e5 7. Nb3 Be6 8. Be3 Be7 9. 0-0 b5 10. a3 Nbd7 11. f3 0-0 12. Rc1 Rc8 13. Kh1 Nb6 14. Na5 Qc7 15. Qe1 d5 16. Bxb6 Qxb6 17. exd5 Nxd5 18. Nxd5 Bxd5 19. b4 Bg5 20. Rd1 Rfd8 21. Bd3 Qf6 22. Qe2 g6 23. c4 bxc4 24. Nxc4 Bxc4 25. Bxc4 Rd6 26. Rxd6 Qxd6 27. Bxa6 Rc3 28. Rd1 Rc1 29. Bd3 Qd4 30. Rxc1 Bxc1 31. b5 Bxa3 32. Qc2 Qa1+ 33. Qb1 Qxb1+ 34. Bxb1 Bc5 35. Be4 f5 36. Bc6 Kf7 1/2-1/2

[Event "ECU-ch U16"]
[Site "Guayaquil"]
[Date "2019.04.18"]
[Round "4"]
[White "Ramos Bayas, David Santiago"]
[Black "Neira Villon, Braulio"]
[Result "1-0"]
[WhiteElo "1690"]
[BlackElo "1386"]
[PlyCount "47"]
[EventDate "2019.04.17"]
[EventType "swiss"]
[EventRounds "9"]
[EventCountry "ECU"]
[SourceTitle "CBM 190 Extra"]
[Source "ChessBase"]
[SourceDate "2019.07.15"]
[SourceVersion "1"]
[SourceVersionDate "2019.07.15"]
[SourceQuality "1"]

1. e4 c5 2. d4 cxd4 3. c3 d3 4. Bxd3 d6 5. h3 h6 6. Nf3 Nf6 7. 0-0 e6 8. Bf4 Be7 9. Na3 0-0 10. Nc2 b6 11. e5 dxe5 12. Nxe5 Bb7 13. Qe2 Nc6 14. Rad1 Qc8 15. Ng4 Nxg4 16. Qxg4 e5 17. Bf5 Qe8 18. Bxh6 Bf6 19. Bxg7 Bxg7 20. Qh5 f6 21. Qh7+ Kf7 22. Bg6+ Ke6 23. Bxe8 Raxe8 24. Qxg7 1-0